Goodnight Moon Quiz Stats

 Plays Quiz Updated Mar 17, 2020

Support Sporcle.
Go Orange.
Score 0/54 Timer 06:00
0 Plays Today
Word % Correct
moon
97.3%
goodnight
91.8%
the
75.6%
a
70.9%
stars
48.3%
and
47.6%
in
47.5%
mouse
44.7%
of
43%
cow
42.3%
to
41.9%
over
40.9%
room
40.4%
house
40.4%
jumping
36.1%
old
35.9%
lady
35.8%
on
35.8%
mush
35.5%
'hush'
34.6%
mittens
34.2%
kittens
33.7%
little
33.3%
red
32%
whispering
31.6%
brush
31%
bowl
30.3%
Word % Correct
balloon
30.3%
light
29.5%
everywhere
28.9%
there
28.6%
bears
28.2%
chairs
27.9%
was
27.9%
comb
27.4%
green
26.5%
picture
26%
three
23%
noises
23%
great
22.4%
socks
22.3%
full
22.2%
air
22.2%
sitting
20.9%
nobody
18.7%
quiet
17.9%
telephone
17.6%
two
17.3%
clocks
16.8%
who
16.8%
were
16.6%
pair
15.2%
young
12.5%
toyhouse
8.4%

From the Vault

Almost Useless Simpsons Trivia

by gunnersauras

Me Fail Sporcle? That's unpossible.
Remove Ads.
Support Sporcle.
Get the best of Sporcle when you Go Orange. This ad-free experience offers more features, more stats, and more fun while also helping to support Sporcle. Thank you for becoming a member.

Show Comments

Extras

Top Quizzes Today


Score Distribution

Your Account Isn't Verified!

In order to create a playlist on Sporcle, you need to verify the email address you used during registration. Go to your Sporcle Settings to finish the process.

Report this User

Report this user for behavior that violates our Community Guidelines.

Details: